000 00317nam a2200133Ia 4500
008 191201s2014 xx 000 0 und d
100 _aGUPTA,CB
245 0 _aBusiness Organisation and Management
250 _a9th ED
260 _aN. delhi
_bSultan Chand
_c2014
300 _amisc
650 _aBBA
942 _2ddc
_cBK
999 _c6202
_d6202